LEADER 01810nam 2200577Ia 450 001 9910458318703321 005 20200520144314.0 010 $a0-292-79345-6 035 $a(CKB)2560000000007576 035 $a(OCoLC)501014427 035 $a(CaPaEBR)ebrary10340889 035 $a(SSID)ssj0000340821 035 $a(PQKBManifestationID)11233241 035 $a(PQKBTitleCode)TC0000340821 035 $a(PQKBWorkID)10387759 035 $a(PQKB)10883776 035 $a(MiAaPQ)EBC3443435 035 $a(MdBmJHUP)muse2403 035 $a(Au-PeEL)EBL3443435 035 $a(CaPaEBR)ebr10340889 035 $a(EXLCZ)992560000000007576 100 $a20090330d2009 ub 0 101 0 $aeng 135 $aurcn||||||||| 181 $ctxt 182 $cc 183 $acr 200 14$aThe neural imagination$b[electronic resource] $eaesthetic and neuroscientific approaches to the arts /$fIrving Massey 205 $a1st ed. 210 $aAustin $cUniversity of Texas Press$d2009 215 $a1 online resource (249 p.) 225 1 $aCognitive approaches to literature and culture series 300 $aBibliographic Level Mode of Issuance: Monograph 311 $a0-292-75279-2 320 $aIncludes bibliographical references and index. 410 0$aCognitive approaches to literature and culture series. 517 3 $aAesthetic and neuroscientific approaches to the arts 606 $aNeurosciences and the arts 606 $aArts 608 $aElectronic books. 615 0$aNeurosciences and the arts. 615 0$aArts. 676 $a701/.1 700 $aMassey$b Irving$0458671 801 0$bMiAaPQ 801 1$bMiAaPQ 801 2$bMiAaPQ 906 $aBOOK 912 $a9910458318703321 996 $aThe neural imagination$91936367 997 $aUNINA LEADER 02345oam 2200469 450 001 9910317776803321 005 20240103185009.0 010 $a1-83881-786-7 010 $a1-78984-286-7 035 $a(CKB)4970000000100316 035 $a(NjHacI)994970000000100316 035 $a(oapen)https://directory.doabooks.org/handle/20.500.12854/56337 035 $a(EXLCZ)994970000000100316 100 $a20221022d2018 uy 0 101 0 $aeng 135 $aur||||||||||| 181 $ctxt$2rdacontent 182 $cc$2rdamedia 183 $acr$2rdacarrier 200 00$aPlant growth and regulation $ealterations to sustain unfavorable conditions /$fedited by Hamim, Diah Ratnadewi 210 1$a[London] :$cIntechOpen,$d2018. 215 $a1 online resource (114 pages) 311 0 $a1-78984-285-9 320 $aIncludes bibliographical references and index. 330 $aPlant Growth and Regulation - Alterations to Sustain Unfavorable Conditions consists of five chapters written by scientists from different parts of the world, who are experts in their respective focuses of research. The topics cover the physical growth and physiological and genetic alterations in plants, particularly under environmental stress conditions. The storyline of this book starts from the plant community, followed by cellular and ultrastructural phenomenes occurring within the plant in its interaction with the environment, and ends with elucidation of chloroplast's DNAs, their transfer to the nucleus, and the genetic engineering technology applicable for plant adaptation to changing environmental conditions. This book is aimed at attracting the attention of students, teachers, as well as scientists who have a similar focus of study or interest. It contains advanced studies in the respective chapters. 606 $aGrowth (Plants)$xRegulation 606 $aPlant physiology 610 $aLife Sciences 610 $aPlant Biology 610 $aAgricultural and Biological Sciences 610 $aPlant Physiology 615 0$aGrowth (Plants)$xRegulation. 615 0$aPlant physiology. 676 $a581 702 $aRatnadewi$b Diah 702 $aHamim 801 0$bNjHacI 801 1$bNjHacl 906 $aBOOK 912 $a9910317776803321 996 $aPlant Growth and Regulation$92957636 997 $aUNINA LEADER 06262oam 2200781 c 450 001 9910955215903321 005 20260302090207.0 010 $a3-8498-1342-8 024 3 $a9783849813420 035 $a(CKB)4100000009763893 035 $a(Au-PeEL)EBL6269043 035 $a(OCoLC)1181847630 035 $a5d77ae79-cfcc-4697-bd2a-798cb0dd2d03 035 $a(MiAaPQ)EBC6269043 035 $a(Aisthesis Verlag)9783849813420 035 $a(EXLCZ)994100000009763893 100 $a20260302d2019 uy 0 101 0 $ager 135 $aurcnu|||||||| 181 $ctxt$2rdacontent 182 $cc$2rdamedia 183 $acr$2rdacarrier 200 00$aChristof Hamann: Gehen, Stolpern, Schreiben$fAndreas Erb, Christof Hamann, Susanne Catrein, Alexander Honold, Rolf Parr, Thomas Küpper, Christof Cox, Ansgar Mohnkern, Daniela Hahn, Filippo Smerilli, Marcel Beyer, Gunther Geltinger, Felicitas Hoppe, Tom Schulz, Thomas Meinecke, Jessica Ullrich, Johanna Oechsle, Theresa Müller, Nicolas Pethes, Peter Riek, Hermann Kinder, Stephanie Catani, Julia Schöll, Christopher Quadt 205 $a1st ed. 210 $aBielefeld$cAisthesis Verlag$d2019 215 $a1 online resource (260 pages) 300 $a[Erstauflage] 311 08$a3-8498-1341-X 327 $aAndreas Erb Bruchstücke. Einführendes zu Gehen, Stolpern, Schreiben I Christof Hamann Gehen : Notieren Stolpern : Blättern Abschreiten : Abschreiben II Bewegungen Susanne Catrein Ortskunde Alexander Honold Wie Schreiben geht. Zur Poetik einer riskanten Fortbewegungsart Rolf Parr Schreib-Bewegungen bei Christof Hamann Thomas Küpper Blättern und Zapping als Möglichkeiten des ziellosen Gleitens Christoph Cox Von der Kunst, in Toreingängen zu verschwinden. Eine Annäherung an Walter Benjamins Erzählung Die Mummerehlen III Stolpern ? Abschreiben Stolpern Ansgar Mohnkern Straucheln und Stolpern. Zu Goethes Wahlverwandtschaften Daniela Hahn Stolpern und Staunen Filippo Smerilli Konkurrenz zwischen Zorn und Abscheu Abschreiben Fliegen oder gehen? Überlegungen zum Abschreiben Marcel Beyer Das Stocken überwinden Gunther Geltinger Sammeln und adaptieren Felicitas Hoppe Dem Text auf die Schliche kommen Tom Schulz Überschreiben Thomas Meinecke / Christof Hamann Auf der Suche nach dem Unselbständigen. Ein Gespräch IV Schreibwerkstatt: Von der Notiz zum Text Vorbemerkung von Christof Hamann Jessica Ullrich Kinder Gottes Johanna Oechsle Volatilitätstheorie Theresa Müller Baukasten V Essays Nicolas Pethes Nicht zu halten. Archivfiktion und Archivvision in Christof Hamanns Seegfrörne Peter Riek Toteis Hermann Kinder Fester. Meine Lektüre Stephanie Catani ?So hätte es gewesen sein können.? Die Arbeit an der Geschichte in Christof Hamanns Usambara Andreas Erb ?Warszawa to nie prawda?. Über das Warschauer Lapidarium Julia Schöll Erzählen vom Ich: Nur ein Schritt bis zu den Vögeln VI Anhang Christopher Quadt Werkverzeichnis Christof Hamann Beiträgerinnen und Beiträger 330 $aVom 10. bis zum 13. Juli 2017 war Christof Hamann als Poet in Residence zu Gast an der Universität Duisburg-Essen. Die drei Vorlesungen, die er im Abstand von einem Jahr im Sommer 2018 überarbeitet hat, bilden den Kern des vorliegenden Bandes. Begleitet werden diese drei Vorlesungen erstens von kleinen Tiefenbohrungen zu Themen/Gegenständen der Vorträge: Christof Hamann fragt Marcel Beyer, Gunther Geltinger, Felicitas Hoppe, Tom Schulz und Thomas Meinecke nach ihrem Verhältnis zum Abschreiben, Ansgar Mohnkern und Daniela Hahn besehen sich das Stolpern bei Goethe und Beckett, Filippo Smerilli sucht es in einer Familiengeschichte; Christoph Cox und Thomas Küpper erweitern die Vorlesungen um Essays über Walter Benjamin bzw. über das Zappen als andere Form des Blätterns. Zweitens liegen sieben Essays vor, die das Romanwerk von Hamann untersuchen, überblicksweise (Alexander Honold und Rolf Parr) und exemplarisch (Nicolas Pethes, Hermann Kinder, Stephani Catani, Andreas Erb und Julia Schöll). Susanne Catrein legt eine imaginäre Kartographie der Romanwelten von Hamann vor, Peter Riek zeigt eine Installationsarbeit, die stark von Der Reiter und der Bodensee und Seegfrörne beatmet wurde. Drei Arbeitsproben aus der Schreibwerkstatt (Von der Notiz zum Text) von Jessica Ullrich, Johann Oechsle und Theresa Müller ergänzen den Band ebenso wie eine umfängliche Bibliografie von Christopher Quadt rund um Hamanns literarisches Arbeiten. 606 $aPoet in Residence 606 $aZaudern 606 $aAutorschaft 615 4$aPoet in Residence 615 4$aZaudern 615 4$aAutorschaft 676 $a833.92 702 $aErb$b Andreas$4edt 702 $aHamann$b Christof$4aut 702 $aCatrein$b Susanne$4ctb 702 $aHonold$b Alexander$4ctb 702 $aParr$b Rolf$4ctb 702 $aKüpper$b Thomas$4ctb 702 $aCox$b Christof$4ctb 702 $aMohnkern$b Ansgar$4ctb 702 $aHahn$b Daniela$4ctb 702 $aSmerilli$b Filippo$4ctb 702 $aBeyer$b Marcel$4ctb 702 $aGeltinger$b Gunther$4ctb 702 $aHoppe$b Felicitas$4ctb 702 $aSchulz$b Tom$4ctb 702 $aMeinecke$b Thomas$4ctb 702 $aUllrich$b Jessica$4ctb 702 $aOechsle$b Johanna$4ctb 702 $aMüller$b Theresa$4ctb 702 $aPethes$b Nicolas$4ctb 702 $aRiek$b Peter$4ctb 702 $aKinder$b Hermann$4ctb 702 $aCatani$b Stephanie$4ctb 702 $aSchöll$b Julia$4ctb 702 $aQuadt$b Christopher$4ctb 801 0$bMiAaPQ 801 1$bMiAaPQ 801 2$bMiAaPQ 906 $aBOOK 912 $a9910955215903321 996 $aChristof Hamann: Gehen, Stolpern, Schreiben$94415632 997 $aUNINA